| 000 | 01339nam a2200325 i 4500 | ||
|---|---|---|---|
| 001 | 768714001 | ||
| 003 | CO-MdFUSB | ||
| 005 | 20240716084818.0 | ||
| 007 | ta | ||
| 008 | 220825t2013 ck a|||| |||| 00| 0 spa d | ||
| 020 | _a9789589918999 | ||
| 040 |
_aCO-MdFUSB _bspa _cCO-MdFUSB _dCO-MdFUSBC _erda |
||
| 041 | _aspa | ||
| 082 |
_223 _a378.17 _bC758 |
||
| 245 | 1 |
_aConstrucción colectiva de conocimiento : _bde la teoría a la práctica a través de ambientes digitales _c/ editado por Ana Myriam Pinto Blanco |
|
| 264 | 1 |
_aMedellín, Colombia : _bInstitución Universitaria de Envigado, _c[2013] |
|
| 264 | 4 | _c© 2013 | |
| 300 |
_a321 páginas _c; 24 cm |
||
| 336 |
_2rdacontent _atexto _btxt |
||
| 337 |
_2rdamedia _asin mediación _bn |
||
| 338 |
_2rdacarrier _avolumen _bnc |
||
| 505 | _aLa virtualización, un proyecto de futuro. -- Construcción colectiva de conocimiento. -- Los resultados de la aplicación del diseño instruccional -2012. -- Innovación teórica bajo el modelo pedagógico dialógico. -- Plan estratégico de incorporación de tencología de la información y la comunicación. TIC | ||
| 563 | _aRústico | ||
| 650 | 7 |
_97190 _aAprendizaje |
|
| 650 | 0 |
_9984 _aEducación |
|
| 653 | _aAmbientes de aprendizaje | ||
| 700 |
_97531 _aPinto Blanco, Ana Myriam, _eeditor |
||
| 942 | _cBK | ||
| 945 | _aJTF-925 | ||
| 999 |
_c68098 _d68098 |
||